LEADER 01154 am 22002893u 450 001 9910765835503321 005 20191115 010 $a9783110657661 035 $a(CKB)4920000000094020 035 $a(OAPEN)1005731 035 $a(EXLCZ)994920000000094020 100 $a20191115d|||| uy 101 0 $aeng 135 $auuuuu---auuuu 200 10$aCOMPANY 210 $cDe Gruyter$d201911 215 $a1 online resource (291 Seiten) 311 $a3-11-065766-X 330 $aThe artistic research in COMPANY investigates behind the scenes of everyday worklife in a metalworking industrial enterprise. In photographs, videos, and conversations with the workers in this company, the authors search out signs and structures of that "company" with which bread is shared (lat. cum pane), a society which, despite seemingly predetermined rules, is always a work in progress. 607 $aBerndorf (Lower Austria, Austria)$vPictorial works 676 $a700.411 700 $aSchneider$b Wolfgang$4aut$0517458 702 $aZobl$b Beatrix$4aut 906 $aBOOK 912 $a9910765835503321 996 $aCOMPANY$93653706 997 $aUNINA LEADER 00891nam a2200265 i 4500 001 991004373122307536 005 20250328130824.0 008 250328s1974 fr er 001 0 fre d 040 $aBibl. Dip.le Aggr. Studi Umanistici - Sez. Filosofia$bita$cSocioculturale Scs 041 0 $afre 082 04$a194$223 245 00$aContre Althusser /$c[écrits des Jean-Marie Brohm ... et al.] 260 $aParis :$bUnion générale d'édition,$c1974 300 $a320 p. ;$c18 cm 490 1 $a10/18 ;$v906 490 1 $a10/18. Collection rouge 500 $aScritti di vari 500 $aAutori desunti dall'indice 600 14$aAlthusser, Louis 700 1 $aBrohm, Jean-Marie$eauthor$4http://id.loc.gov/vocabulary/relators/aut$0235154 830 0$a10/18 ;$v906 830 0$a10/18.$pCollection rouge 912 $a991004373122307536 996 $aContre Althusser$94348273 997 $aUNISALENTO LEADER 03565oam 2200673 c 450 001 9910563057203321 005 20250513223446.0 024 7 $a10.3726/b12706 035 $a(CKB)4340000000238939 035 $a(oapen)https://directory.doabooks.org/handle/20.500.12854/37686 035 $a(PH02)9783954790203 035 $a(oapen)doab37686 035 $a(EXLCZ)994340000000238939 100 $a20240525d2003 uy 0 101 0 $ager 135 $aurnnunnnannuu 181 $ctxt$2rdacontent 182 $cc$2rdamedia 183 $acr$2rdacarrier 200 10$aKleines Wörterbuch der Kirchenslavischen Sprache$eWortschatz der gebräuchlichsten liturgischen Texte mit deutscher Übersetzung; Dritte, neu bearbeitete und erweiterte Auflage$fJean-Paul Deschler 205 $a1st, New ed. 210 $aFrankfurt a.M$cPH02$d2003 215 $a1 online resource (347 p.)$c, EPDF 225 0 $aSlavistische Beitra?ge$v425 300 $aPeter Lang GmbH, Internationaler Verlag der Wissenschaften 311 08$a3-95479-020-3 330 $aDas Buch entha?lt den Wortschatz der wichtigsten liturgischen Texte des byzantinischen Ritus, d. h. des Hesperinos, des Orthros, der Liturgien und der Evangelien; die u?brigen alt- und neutestamentlichen Schriften sind beru?cksichtigt, soweit sie an Sonntagen und ho?heren Festen benutzt werden. Dieser "Grundwortschatz" soll es nun ermo?glichen, solche Texte in der modern- (russisch-) kirchenslavischen Schreibweise leicht zu u?bersetzen. Das Wo?rterbuch, eine erheblich erweiterte Ausgabe der fru?heren, seit Jahren vergriffenen Auflagen, will sprachwissenschaftliches und theologisches Wissen praktischen Bedu?rfnissen dienstbar machen: es hilft dem Slavistik-Studenten und dem ostkirchlich Interessierten wie auch dem Ikonenliebhaber bzw. Kunsthistoriker ohne Russisch- bzw. Serbischkenntnisse, biblische und liturgische Texte in der Form des Modernen Russisch-Kirchenslavischen zu verstehen. Von Nutzen sind dabei die grammatischen und orthographischen Hinweise in der Einleitung, die Verweise von bestimmten Flexionsformen auf die Ausgangsformen im Wo?rterverzeichnis und der Anhang mit Abku?rzungen in Handschriften und Drucken sowie auf Ikonen. Ein weiteres Verzeichnis entha?lt Personen- und Ortsnamen aus den biblischen Bu?chern, dem Heiligenkalender und der profanen Geschichte, die in liturgischen Texten und auf Ikonen zu finden sind, wobei orthographische Varianten bzw. Fehlschreibungen mit einem Verweis auf die Standardformen aufgefu?hrt sind. 517 $aKleines Woerterbuch der Kirchenslavischen Sprache 606 $aClassical texts$2bicssc 610 $aliturgical texts 610 $aByzantine rite 610 $aAuflage 610 $abearbeitete 610 $abyzantinischer Ritus 610 $ader Hesperinos 610 $aDeschler 610 $adeutscher 610 $aDritte 610 $aerweiterte 610 $agebräuchlichsten 610 $aKirchenslavischen 610 $aKleines 610 $aliturgische Praxis 610 $aliturgischen 610 $aliturgischer Fachwortschatz 610 $aslavisch-byzantinischer Gottesdienste 610 $aSprache 610 $aTexte 610 $aÜbersetzung 610 $aWörterbuch 610 $aWortschatz 615 7$aClassical texts 700 $aDeschler$b Jean-Paul$4aut$01282473 801 0$bPH02 801 1$bPH02 906 $aBOOK 912 $a9910563057203321 996 $aKleines Wo?rterbuch der kirchenslavischen Sprache$93648974 997 $aUNINA